| 000 | 00647nam a2200193Ia 4500 | ||
|---|---|---|---|
| 008 | 240729s9999 xx 000 0 und d | ||
| 022 | _a2083-4640 | ||
| 245 | 0 | _aReports of Practical Oncology and Radiotherapy | |
| 260 | _aPoland | ||
| 260 | _bVia Medica sp. z.o.o. VM Group Via Medica | ||
| 650 | _a Internal medicine | ||
| 650 | _a Medical physics. Medical radiology. Nuclear medicine | ||
| 650 | _a Medicine (General) | ||
| 650 | _a Neoplasms. Tumors. Oncology. Including cancer and carcinogens | Medicine | ||
| 650 | _aMedicine | ||
| 856 | _uhttps://doaj.org/toc/e132894d0446436db91fa1ee4ed73cf7 | ||
| 942 | _2ddc | ||
| 942 | _cDOAJEJ | ||
| 999 |
_c68378 _d68378 |
||
| 945 |
_a1 _bMadushi Gamage _c1 _dMadushi Gamage |
||